[Event "VIE-chT"]
[Site "Hanoi"]
[Date "2023.04.22"]
[Round "8"]
[White "Nguyen, Minh1111"]
[Black "Bui, Ngoc Gia Bao"]
[Result "1-0"]
[WhiteElo "1402"]
[BlackElo "1983"]
[PlyCount "75"]
[EventDate "2023.04.18"]
[EventType "swiss"]
[EventRounds "9"]
[EventCountry "VIE"]
[SourceTitle "EXT 2024"]
[Source "ChessBase"]
[SourceDate "2023.10.10"]
[SourceVersion "1"]
[SourceVersionDate "2023.10.10"]
[SourceQuality "1"]

1. d4 d5 2. c4 e6 3. Nf3 Nf6 4. Nc3 Nbd7 5. Bg5 Be7 6. e3 h6 7. Bh4 0-0 8. Bd3 dxc4 9. Bxc4 b6 10. 0-0 Bb7 11. Re1 Nd5 12. Bxe7 Qxe7 13. Nxd5 Bxd5 14. Bxd5 exd5 15. Rc1 Qd6 16. Qc2 c5 17. dxc5 bxc5 18. Red1 Rac8 19. Qf5 Nb6 20. h3 Rfe8 21. b3 Qe6 22. Qd3 c4 23. bxc4 dxc4 24. Qa3 Rc7 25. Nd4 Qe7 26. Qa6 Rec8 27. Nb5 Rd7 28. Nxa7 Rxa7 29. Qxb6 Rxa2 30. Qb1 Ra3 31. Qf5 Rc7 32. Rd5 c3 33. Rcd1 c2 34. Rd8+ Qf8 35. Rxf8+ Kxf8 36. Rc1 Rac3 37. Qd5 R3c5 38. Qd8# 1-0

[Event "VIE-chT"]
[Site "Hanoi"]
[Date "2023.04.19"]
[Round "3"]
[White "Bui, Ngoc Gia Bao"]
[Black "Hoang, Anh Kiet"]
[Result "0-1"]
[WhiteElo "1983"]
[BlackElo "1956"]
[PlyCount "74"]
[EventDate "2023.04.18"]
[EventType "swiss"]
[EventRounds "9"]
[EventCountry "VIE"]
[SourceTitle "EXT 2024"]
[Source "ChessBase"]
[SourceDate "2023.10.10"]
[SourceVersion "1"]
[SourceVersionDate "2023.10.10"]
[SourceQuality "1"]

1. e4 e5 2. Nf3 Nc6 3. Bc4 Bc5 4. c3 Nf6 5. d3 h6 6. b4 Bb6 7. b5 Na5 8. Nxe5 0-0 9. Bb3 d6 10. Nc4 Nxc4 11. Bxc4 Ng4 12. d4 Qh4 13. Qf3 Nxh2 14. Rxh2 Qxh2 15. Bf4 Qh4 16. Nd2 Bg4 17. Qg3 Qxg3 18. Bxg3 Rfe8 19. f3 Be6 20. 0-0-0 Bxc4 21. Nxc4 Rad8 22. a4 a6 23. a5 Ba7 24. b6 cxb6 25. axb6 Bb8 26. d5 g6 27. Rh1 f5 28. exf5 Kg7 29. fxg6 Kxg6 30. Kd2 Rd7 31. Bf4 h5 32. g4 hxg4 33. fxg4 Re4 34. Rh6+ Kg7 35. Nxd6 Rxf4 36. Nf5+ Rxf5 37. gxf5 Kxh6 0-1

[Event "VIE-chT"]
[Site "Hanoi"]
[Date "2023.04.18"]
[Round "1"]
[White "Bui, Ngoc Gia Bao"]
[Black "Dau, Khuong Duy"]
[Result "0-1"]
[WhiteElo "1983"]
[BlackElo "2234"]
[PlyCount "64"]
[EventDate "2023.04.18"]
[EventType "swiss"]
[EventRounds "9"]
[EventCountry "VIE"]
[SourceTitle "EXT 2024"]
[Source "ChessBase"]
[SourceDate "2023.10.10"]
[SourceVersion "1"]
[SourceVersionDate "2023.10.10"]
[SourceQuality "1"]

1. e4 c5 2. Nf3 d6 3. d4 cxd4 4. Nxd4 Nf6 5. Nc3 g6 6. Be3 Bg7 7. Qd2 Ng4 8. Be2 Nxe3 9. Qxe3 0-0 10. Qd2 Nc6 11. Nb3 Be6 12. 0-0 Rc8 13. f4 Na5 14. e5 Nxb3 15. axb3 Qb6+ 16. Kh1 dxe5 17. fxe5 Bxe5 18. Ra4 Rfd8 19. Qc1 Rd4 20. Rxd4 Qxd4 21. Rf3 Qh4 22. h3 a6 23. Bf1 b5 24. Qe3 Qd4 25. Qxd4 Bxd4 26. Rd3 Bf6 27. g3 b4 28. Na4 Rxc2 29. Rd8+ Kg7 30. Rb8 Bd5+ 31. Bg2 Bxg2+ 32. Kg1 Bd4+ 0-1

[Event "VIE-ch U13"]
[Site "Ho Chi Minh City"]
[Date "2022.07.12"]
[Round "3"]
[White "Ngo, Tran Trung Hieu"]
[Black "Bui, Ngoc Gia Bao"]
[Result "1-0"]
[WhiteElo "2316"]
[BlackElo "2343"]
[PlyCount "103"]
[EventDate "2022.07.11"]
[EventType "swiss"]
[EventRounds "9"]
[EventCountry "VIE"]
[SourceTitle "EXT 2023"]
[Source "ChessBase"]
[SourceDate "2022.10.05"]
[SourceVersion "1"]
[SourceVersionDate "2022.10.05"]
[SourceQuality "1"]

1. e4 c6 2. d4 d5 3. f3 g6 4. Be3 Bg7 5. e5 Qb6 6. Qc1 Nd7 7. Bd3 c5 8. c3 c4 9. Bc2 e6 10. f4 Ne7 11. Nf3 Qc7 12. a4 Nc6 13. Na3 a6 14. 0-0 Na5 15. h3 Nb6 16. Qd1 Bd7 17. g4 0-0 18. Kg2 Rfb8 19. h4 Nxa4 20. Rb1 b5 21. Bxa4 bxa4 22. h5 Rb6 23. hxg6 fxg6 24. Nh4 Rab8 25. Qc2 Qb7 26. Bc1 Bf8 27. f5 exf5 28. gxf5 Be8 29. f6 Bxa3 30. bxa3 Rxb1 31. e6 Rxc1 32. Qxc1 Qb2+ 33. Qxb2 Rxb2+ 34. Kg3 Rb3 35. Kg4 Nb7 36. f7+ Bxf7 37. Rxf7 Nd6 38. Rd7 Ne4 39. Kf4 g5+ 40. Ke5 Rb8 41. Nf5 Re8 42. Rg7+ Kh8 43. Rf7 Nf2 44. e7 Ng4+ 45. Kd6 Kg8 46. Rg7+ Kh8 47. Kd7 Nf6+ 48. Ke6 Ne4 49. Rf7 Kg8 50. Nh6+ Kh8 51. Rf8+ Kg7 52. Nf5+ 1-0

[Event "VIE-ch U15"]
[Site "Hanoi"]
[Date "2022.06.16"]
[Round "8"]
[White "Mai, Hoang Viet"]
[Black "Bui, Ngoc Gia Bao"]
[Result "1/2-1/2"]
[WhiteElo "2301"]
[BlackElo "2328"]
[PlyCount "75"]
[EventDate "2022.06.11"]
[EventType "swiss"]
[EventRounds "9"]
[EventCountry "VIE"]
[SourceTitle "EXT 2023"]
[Source "ChessBase"]
[SourceDate "2022.10.05"]
[SourceVersion "1"]
[SourceVersionDate "2022.10.05"]
[SourceQuality "1"]

1. c4 c5 2. Nc3 Nc6 3. g3 b6 4. Bg2 Bb7 5. e3 g6 6. Nge2 Bg7 7. b3 Qc8 8. Bb2 Nb4 9. Bxb7 Qxb7 10. 0-0 Nd3 11. Qc2 Ne5 12. Nd5 e6 13. f4 exd5 14. fxe5 Nh6 15. e6 0-0 16. Bxg7 Kxg7 17. exf7 Nxf7 18. Qc3+ Kg8 19. Nf4 d4 20. exd4 cxd4 21. Qxd4 Ng5 22. Qd5+ Qxd5 23. Nxd5 Nf3+ 24. Kg2 Nxd2 25. Ne7+ Kg7 26. Rfd1 Ne4 27. Rxd7 Rf7 28. Rc7 Re8 29. Nd5 Nc5 30. Rxf7+ Kxf7 31. Rf1+ Kg7 32. Rf2 Nd3 33. Rd2 Nc5 34. Nc3 Re7 35. Re2 Rd7 36. Nd5 Kf7 37. Nb4 Rc7 38. Rd2 1/2-1/2

[Event "VIE-ch U09"]
[Site "Hai Phong"]
[Date "2018.07.10"]
[Round "6"]
[White "Mai, Nguyen Xuan Uy"]
[Black "Bui, Ngoc Gia Bao"]
[Result "1/2-1/2"]
[WhiteElo "1924"]
[BlackElo "1920"]
[PlyCount "122"]
[EventDate "2018.07.07"]
[EventType "swiss"]
[EventRounds "9"]
[EventCountry "VIE"]
[SourceTitle "EXT 2019"]
[Source "ChessBase"]
[SourceDate "2018.10.10"]
[SourceVersion "1"]
[SourceVersionDate "2018.10.10"]
[SourceQuality "1"]

1. e4 e5 2. Nf3 Nc6 3. d3 h6 4. Be3 Nf6 5. Be2 d5 6. exd5 Nxd5 7. Nbd2 Nxe3 8. fxe3 Bc5 9. e4 Bg4 10. Nc4 Qf6 11. Rf1 0-0-0 12. Nfd2 Bxe2 13. Qxe2 Qe7 14. Qh5 g6 15. Qh3+ Kb8 16. 0-0-0 Nd4 17. Nb3 Ne2+ 18. Kb1 Nf4 19. Qf3 g5 20. g3 Ne6 21. Qxf7 Qxf7 22. Rxf7 Rdf8 23. Rxf8+ Rxf8 24. Nxe5 Kc8 25. Nxc5 Nxc5 26. b4 Na4 27. Re1 Rf2 28. Ng4 Rd2 29. Nxh6 Rxh2 30. Nf7 Rg2 31. Nxg5 Rxg3 32. Ne6 Kd7 33. Nc5+ Nxc5 34. bxc5 Kc6 35. d4 Rg4 36. Kb2 Rg8 37. Kb3 a6 38. a4 Rg3+ 39. c3 b5 40. cxb6 Kxb6 41. Kc4 Rg6 42. d5 Ka5 43. Rb1 c6 44. Rb4 cxd5+ 45. Kxd5 Rg5+ 46. e5 Rxe5+ 47. Kd4 Re4+ 48. Kc5 Re5+ 49. Kc4 Re4+ 50. Kb3 Rxb4+ 51. cxb4+ Kb6 52. Kc4 Kc6 53. a5 Kd6 54. b5 axb5+ 55. Kxb5 Kc7 56. Ka6 Kc6 57. Ka7 Kc7 58. Ka8 Kc8 59. a6 Kc7 60. Ka7 Kc8 61. Kb6 Kb8 1/2-1/2

[Event "VIE-ch U09"]
[Site "Hai Phong"]
[Date "2018.07.09"]
[Round "4"]
[White "Bui, Ngoc Gia Bao"]
[Black "Ngo, Tran Trung Hieu"]
[Result "0-1"]
[WhiteElo "1920"]
[BlackElo "1938"]
[PlyCount "78"]
[EventDate "2018.07.07"]
[EventType "swiss"]
[EventRounds "9"]
[EventCountry "VIE"]
[SourceTitle "EXT 2019"]
[Source "ChessBase"]
[SourceDate "2018.10.10"]
[SourceVersion "1"]
[SourceVersionDate "2018.10.10"]
[SourceQuality "1"]

1. e4 d6 2. d4 Nf6 3. Nc3 b6 4. g3 Bb7 5. Bg2 g6 6. b3 Nbd7 7. Nge2 c5 8. d5 Bg7 9. Be3 Ng4 10. Bd2 a6 11. Rb1 b5 12. b4 cxb4 13. Rxb4 Nge5 14. Qc1 h6 15. 0-0 Nc4 16. a4 Qa5 17. Na2 Nxd2 18. Qxd2 bxa4 19. Qe1 Nc5 20. Nec3 0-0 21. Nxa4 Bc8 22. Nxc5 dxc5 23. Rb1 Qxa2 24. Ra1 Bxa1 25. Qxa1 Qxa1 26. Rxa1 a5 27. e5 Ra7 28. c4 a4 29. Kf1 a3 30. Ke2 Bf5 31. f3 a2 32. g4 Bd7 33. h3 Rb8 34. f4 Rb1 35. Rxb1 axb1Q 36. Bf3 Qb3 37. Be4 Ra2+ 38. Ke1 Qe3+ 39. Kd1 Qd2# 0-1